000
00328nam a22001457a 4500
001
1961
005
20260415055539.0
008
260415b |||||||| |||| 00| 0 eng d
020
_a
9781785480454
100
_a
Papy,Fabrice
245
_a
Digital libraries
260
_a
London
_b
ISTE
300
_a
146p.
942
_2
ddc
_c
BOOK
_n
0
999
_c
1961
_d
1961